[Event "UKR-ch U12 Girls"]
[Site "Bucha"]
[Date "2016.05.19"]
[Round "2"]
[White "Dziatko, Evgeniya"]
[Black "Rukkas, Elena"]
[Result "1/2-1/2"]
[WhiteElo "1580"]
[BlackElo "1660"]
[PlyCount "107"]
[EventDate "2016.05.18"]
[EventType "tourn"]
[EventRounds "11"]
[EventCountry "UKR"]
[SourceTitle "CBM 172 Extra"]
[Source "ChessBase"]
[SourceDate "2016.06.21"]
[SourceVersion "1"]
[SourceVersionDate "2016.06.21"]
[SourceQuality "1"]

1. e4 c5 2. c3 Nf6 3. e5 Nd5 4. d4 cxd4 5. cxd4 e6 6. Nc3 Bb4 7. Bd2 Bxc3 8. Bxc3 Nc6 9. Nf3 0-0 10. Bc4 Nce7 11. 0-0 b6 12. Qc2 h6 13. Nd2 Nxc3 14. Qxc3 Bb7 15. Rac1 d6 16. Rfd1 Nf5 17. Nf1 dxe5 18. dxe5 Qg5 19. Ng3 h5 20. Bf1 h4 21. Nxf5 exf5 22. Qh3 f4 23. Rc4 Bc8 24. Qc3 Be6 25. Re4 h3 26. Rdd4 hxg2 27. Bxg2 Rac8 28. h4 Qxh4 29. Rxf4 Qxf4 30. Rxf4 Rxc3 31. bxc3 Rc8 32. Ra4 a5 33. Ra3 g5 34. Bf1 Rc5 35. c4 Bxc4 36. Bxc4 Rxc4 37. Rg3 Ra4 38. Rxg5+ Kf8 39. e6 fxe6 40. Rb5 Rb4 41. Rxb4 axb4 42. f4 Ke7 43. Kf2 Kd6 44. Ke3 Kd5 45. Kd3 b5 46. Ke3 Kc4 47. Ke4 b3 48. axb3+ Kxb3 49. Ke5 Kc3 50. Kxe6 b4 51. f5 b3 52. f6 b2 53. f7 b1Q 54. f8Q 1/2-1/2

[Event "EU-ch U12 Girls 25th"]
[Site "Porec"]
[Date "2015.09.21"]
[Round "1"]
[White "Sakotic, Ana"]
[Black "Rukkas, Elena"]
[Result "0-1"]
[WhiteElo "1244"]
[BlackElo "1640"]
[PlyCount "84"]
[EventDate "2015.09.21"]
[EventType "swiss"]
[EventRounds "9"]
[EventCountry "CRO"]
[SourceTitle "EXT 2016"]
[Source "ChessBase"]
[SourceDate "2015.10.08"]
[SourceVersion "1"]
[SourceVersionDate "2015.10.08"]
[SourceQuality "1"]

1. e4 c5 2. Nf3 d6 3. c3 Nf6 4. h3 Nc6 5. Bd3 g6 6. Bc2 Bg7 7. 0-0 0-0 8. d4 b6 9. Bg5 Ba6 10. Re1 h6 11. Be3 Qc7 12. Qd2 Kh7 13. b4 cxb4 14. cxb4 Nxb4 15. Bb3 Nd3 16. Rd1 Nxe4 17. Qc2 Rac8 18. Na3 f5 19. Rxd3 Bxd3 20. Qxd3 e5 21. dxe5 dxe5 22. Rc1 Qe7 23. Rxc8 Rxc8 24. Nc4 Rd8 25. Qc2 Ng5 26. Nxg5+ hxg5 27. Bd2 f4 28. Bc3 b5 29. Na5 Rc8 30. Qb2 Qc7 31. Bb4 e4 32. Qe2 Qe5 33. Bd2 Qb2 34. Qg4 Rd8 35. Bxf4 Be5 36. Bxe5 Qxe5 37. Nc6 Qa1+ 38. Kh2 Rd6 39. Nxa7 Qe5+ 40. g3 Rd2 41. Kg1 Qd4 42. Kh1 Qxf2 0-1